000 01395nam a22003617a 4500
001 0023999
003 KOHA_MİRAKIL
005 20260207002427.0
007 ta
008 101108b2003 tu |||gr||||#||||0|tur |
020 _a9754033021
_c0,01
040 _aTR-BiSEU
_btur
_cTR-BiSEU
_erda
041 0 _atur
044 _ctu
050 _aQP26.P35
_bT63 2003
100 1 _aTodes, Daniel Philip.
245 1 _aİvan Pavlov :
_bhayvan makinesini araştırıken=Ivan Pavlov :exploring the animal machine/
_cDaniel Philip Todes ; Daniel Todes; çeviren Ebru Kılıç.
264 1 _aAnkara :
_bTÜBİTAK Popüler Bilim Kitapları
_c2003
300 _a118 sayfa: resimli; 24 cm.
336 _ametin
_btxt
_2rdacontent
337 _aaracısız
_bn
_2rdamedia
338 _acilt
_bnc
_2rdacarrier
490 1 _aTÜBİTAK Popüler Bilim Kitapları ;
_v181.
490 1 _a Yaşamöyküsü Kitaplığı ;
_v6.
500 _aEserin özgün adı :Ivan Pavlov :exploring the animal machine.
500 _aDizin var.
650 0 _aPavlov, Ivan Petrovich, 1849-1936.
_949237
650 0 _aFizyologlar--Rusya (Federasyon)--Biyografi--Çocuk edebiyatı.
_949238
650 0 _aPhysiologists--Russia (Federation)--Biography--Juvenile literature.
_949239
830 1 _aTÜBİTAK Popüler Bilim Kitapları ;
_v181.
_94344
830 1 _a Yaşamöyküsü Kitaplığı ;
_v6.
_949240
942 _2lcc
_cBK
999 _c23952
_d23952